| 000 | 00613cam a2200217 4500500 | ||
|---|---|---|---|
| 005 | 20260329005241.0 | ||
| 041 | _afre | ||
| 042 | _adc | ||
| 100 | 1 | 0 |
_aPernes, Caroline _eauthor |
| 245 | 0 | 0 | _aLe Désir. Une philosophie |
| 260 | _c2022. | ||
| 500 | _a18 | ||
| 690 | _aBéatitude | ||
| 690 | _aFrédéric Lenoir | ||
| 690 | _aJoie | ||
| 690 | _aManque | ||
| 690 | _aPuissance | ||
| 690 | _aSpinoza | ||
| 786 | 0 | _nPhilosophie magazine | 165 | 12 | 2022-12-01 | p. 70-70 | 1951-1787 | |
| 856 | 4 | 1 | _uhttps://shs.cairn.info/magazine-philosophie-magazine-2022-12-page-70?lang=fr&redirect-ssocas=7080 |
| 999 |
_c1841706 _d1841706 |
||